<?xml version="1.0" encoding="UTF-8"?>
<record
    xmlns:xsi="http://www.w3.org/2001/XMLSchema-instance"
    xsi:schemaLocation="http://www.loc.gov/MARC21/slim http://www.loc.gov/standards/marcxml/schema/MARC21slim.xsd"
    xmlns="http://www.loc.gov/MARC21/slim">

  <leader>01356nam a22001697a 4500</leader>
  <controlfield tag="003">SGT</controlfield>
  <datafield tag="020" ind1=" " ind2=" ">
    <subfield code="a">9780070151567</subfield>
  </datafield>
  <datafield tag="082" ind1=" " ind2=" ">
    <subfield code="a">658.8,ETZ</subfield>
  </datafield>
  <datafield tag="100" ind1=" " ind2=" ">
    <subfield code="a">ETZEL,MICHAEL J.</subfield>
  </datafield>
  <datafield tag="245" ind1=" " ind2=" ">
    <subfield code="a">MARKETING</subfield>
  </datafield>
  <datafield tag="250" ind1=" " ind2=" ">
    <subfield code="a">14TH</subfield>
  </datafield>
  <datafield tag="260" ind1=" " ind2=" ">
    <subfield code="a">NEW DELHI</subfield>
    <subfield code="b">TMH</subfield>
    <subfield code="c">2010</subfield>
  </datafield>
  <datafield tag="300" ind1=" " ind2=" ">
    <subfield code="a">880</subfield>
  </datafield>
  <datafield tag="650" ind1=" " ind2=" ">
    <subfield code="a">MARKETING</subfield>
  </datafield>
  <datafield tag="653" ind1=" " ind2=" ">
    <subfield code="a">PART ONE: NATURE AND SCOPE OF MARKETING 1. THE FIELD OF MARKETING  2. THE DYNAMIC MARKETING ENVIRONMENT  3. GLOBAL MARKETS AND MARKETING  PART TWO: IDENTIFYING AND SELECTING MARKETS 4. CONSUMER MARKETS AND BUYING BEHAVIOR  5. BUSINESS MARKETS AND BUYING BEHAVIOR  6. MARKET SEGMENTATION, TARGETING AND POSITIONING  7. MARKETING RESEARCH AND MARKET INFORMATION  PART THREE: PRODUCT 8. PRODUCT PLANNING AND DEVELOPMENT  9. PRODUCT-MIX STRATEGIES  10. BRANDS, PACKAGING, AND OTHER PRODUCT FEATURES  11. SERVICES MARKETING  PART FOUR: PRICE 12. PRICE DETERMINATION  13. PRICING STRATEGIES  PART FIVE: DISTRIBUTION 14. CHANNELS OF DISTRIBUTION  15. RETAILING  16. WHOLESALING AND PHYSICAL DISTRIBUTION  PART SIX: PROMOTION 17. INTEGRATED MARKETING COMMUNICATIONS  18. PERSONAL SELLING AND SALES MANAGEMENT  19. ADVERTISING, SALES PROMOTION, AND PUBLIC RELATIONS  PART SEVEN: MANAGING THE MARKETING EFFORT 20. STRATEGIC MARKETING PLANNING  21. MARKETING IMPLEMENTATION AND EVALUATION  22. MARKETING AND THE INFORMATION ECONOMY   </subfield>
  </datafield>
  <datafield tag="942" ind1=" " ind2=" ">
    <subfield code="2">ddc</subfield>
    <subfield code="c">FCM</subfield>
    <subfield code="0">2</subfield>
  </datafield>
  <datafield tag="952" ind1=" " ind2=" ">
    <subfield code="0">0</subfield>
    <subfield code="1">0</subfield>
    <subfield code="2">ddc</subfield>
    <subfield code="4">0</subfield>
    <subfield code="7">0</subfield>
    <subfield code="8">CM</subfield>
    <subfield code="a">SSSL</subfield>
    <subfield code="b">SSSL</subfield>
    <subfield code="c">TXT</subfield>
    <subfield code="d">2016-06-17</subfield>
    <subfield code="e">KIRTI PRKASHAN </subfield>
    <subfield code="g">799.00</subfield>
    <subfield code="i">SGTU</subfield>
    <subfield code="l">8</subfield>
    <subfield code="o">658.8,ETZ</subfield>
    <subfield code="p">CM685</subfield>
    <subfield code="r">2017-12-19 00:00:00</subfield>
    <subfield code="s">2017-11-25</subfield>
    <subfield code="w">2013-03-16</subfield>
    <subfield code="y">FCM</subfield>
    <subfield code="k">2365</subfield>
  </datafield>
  <datafield tag="952" ind1=" " ind2=" ">
    <subfield code="0">0</subfield>
    <subfield code="1">0</subfield>
    <subfield code="2">ddc</subfield>
    <subfield code="4">0</subfield>
    <subfield code="7">0</subfield>
    <subfield code="8">CM</subfield>
    <subfield code="a">SSSL</subfield>
    <subfield code="b">SSSL</subfield>
    <subfield code="c">TXT</subfield>
    <subfield code="d">2016-06-17</subfield>
    <subfield code="e">KIRTI PRKASHAN </subfield>
    <subfield code="g">799.00</subfield>
    <subfield code="i">SGTU</subfield>
    <subfield code="l">11</subfield>
    <subfield code="o">658.8,ETZ</subfield>
    <subfield code="p">CM686</subfield>
    <subfield code="r">2025-04-04 00:00:00</subfield>
    <subfield code="s">2025-03-28</subfield>
    <subfield code="w">2013-03-16</subfield>
    <subfield code="y">FCM</subfield>
    <subfield code="k">2365</subfield>
  </datafield>
  <datafield tag="999" ind1=" " ind2=" ">
    <subfield code="c">9126</subfield>
    <subfield code="d">9126</subfield>
  </datafield>
</record>
